000
00250nam a2200097Ia 4500
001
1250666
005
20251031150900.0
008
251031s9999 xx 000 0 und d
245
0
_c
SABAHATTİN ALİ
_a
D-5 YENİ DÜNYA
260
_b
YAPI KREDİ YAYINLARI
999
_c
1250666
_d
1250666